UBT Library

SAP R/3 / (Record no. 42)

000 -LEADER
fixed length control field 00458nam a22001577a 4500
008 - FIXED-LENGTH DATA ELEMENTS--GENERAL INFORMATION
fixed length control field 131008b xxu||||| |||| 00| 0 ger d
020 ## - INTERNATIONAL STANDARD BOOK NUMBER
International Standard Book Number 3499600757
041 0# - LANGUAGE CODE
Language code of text/sound track or separate title ger
080 ## - UNIVERSAL DECIMAL CLASSIFICATION NUMBER
Universal Decimal Classification number 004.42
100 1# - Rafti
Rafti Fink, Hans-Josef
245 10 - TITLE STATEMENT
Title SAP R/3 /
Statement of responsibility, etc Hans-Josef Fink
260 ## -
-- Hamburg :
-- Rowohlt Taschenbuch Verlag ;
-- 2000
300 ## -
-- 378 f. :
-- me il. ;
-- 19 cm.
650 #0 -
-- Programimi (Kompjuterat elektronikë)
942 ## - ADDED ENTRY ELEMENTS (KOHA)
Source of classification or shelving scheme
Item type Books
Holdings
Withdrawn status Lost status Source of classification or shelving scheme Damaged status Not for loan Collection code Permanent location Current location Shelving location Date acquired Total Checkouts Full call number Barcode Date last seen Price effective from Koha item type
          Koleksioni i përgjithshem UBT - Prishtine UBT - Prishtine Koleksioni i përgjithshem 10/08/2013   004.42 FIN 001-000031 10/08/2013 10/08/2013 Books
UBT Library © 2015-2024. All rights reserved University Education for Business and Technology